00720nam a2200205 a 450000100100000000500170001000800410002702000150006804000250008310000380010824500440014626000340019030000210022449000220024550000700026759000260033783000290036395201050039299900170049700004443520201002045354.0140630s1995 mx 000 0 spa d a0679763325 aDO-SdBNPbspacBNPHU1 aTaibo, Paco Ignaciod1949-97244510aAlgunas nubes /cPaco Ignacio Taibo II. aMéxico :bAlfaguara,c1995. a131 p. ;c22 cm.1 aVintage español aIncluye datos biográficas del autor en la solapa de la cubierta aInventariado, 2019/VM 0aVintage español922733 001050718MOaGRbGRcHDd2014-06-30iLF1l0o p44435-10r2020-06-25w2020-06-25y1ZNo se presta c43924d43924